|
|
|
|
| LEADER |
00000nab a2200000uu 4500 |
| 001 |
vtls011136090 |
| 003 |
SK-MaSNL |
| 005 |
20260303213353.0 |
| 008 |
230218|2012 xo |||||||||||||||||cze| |
| 015 |
|
|
|a SNBRB
|
| 035 |
|
|
|a (urnnbn)urn:nbn:sk:snk:ar-007pak
|
| 035 |
|
|
|a (uuid)93fcdd6b-2c6a-4937-b681-dc1021eec45f
|
| 035 |
|
|
|a urn:nbn:sk:snk-abap0r
|
| 040 |
|
|
|a SNKBUCL
|b slo
|c SNKBUCL
|e AACR2
|
| 041 |
0 |
|
|a cze
|
| 044 |
|
|
|a xo
|c SK
|
| 245 |
0 |
0 |
|a Zevní komprese v terapii lymfedému
|b standard léčebného plánu
|c H. Houdová, K. Benda, M. Wald, V. Pavlasová, Z. Navrátilová, Eliška O., Vlasák R.
|
| 700 |
1 |
|
|a Houdová, H.
|4 aut
|9 1247230
|
| 700 |
1 |
|
|a Wald, M.
|4 aut
|9 954304
|
| 700 |
1 |
|
|a Pavlasová, V.
|4 aut
|9 823476
|
| 700 |
1 |
|
|a Navrátilová, Z.
|4 aut
|9 1147112
|
| 700 |
1 |
|
|a Eliška, Oldřich,
|d 1934-2021
|4 aut
|9 236099
|
| 700 |
1 |
|
|a Vlasák, R.
|4 aut
|9 1124678
|
| 700 |
1 |
|
|a Benda, K.
|4 aut
|9 685805
|
| 773 |
0 |
|
|t Česko-slovenská dermatologie : časopis dermatovenerologických společností
|g Roč. 87, č. 1 (2012), s. XXXIII-XXXVII
|
| 954 |
|
|
|a odborná, vedecká literatúra cudzojazyčná (svetová)
|2 lita
|
| 958 |
|
|
|a OND
|
| 958 |
|
|
|a EUIPO
|
| 958 |
|
|
|a article14
|
| 999 |
|
|
|c 2211708
|d 2213638
|